• 首页
  • 本馆介绍
  • 公告通知
  • 最新文献
  • 馆藏检索
  • 电子资源
  • 读者导购
  • 参考咨询
  • 我的图书馆
  • 登录
  • 详细信息显示
  • 放入我的书架
  • 预约/预借图书
  • 作者相关作品
  • 分类相关作品
  • 丛书相关作品
  • 出版社相关作品

书目信息

  • 表格格式
  • 工作单格式
  • 卡片格式
题名:
微分几何
    
 
作者: 梅向明 , 黄敬之 编
分册:  
出版信息: 北京   高等教育出版社  1988.2
页数: 357页
开本: 20cm
丛书名:
单 册:
中图分类: O186.1
科图分类:
主题词: 微分几何--高等学校--教材
电子资源:
ISBN: 7-04-000245-0
000 00725nam0 2200253 45
001 0189014443
005 20070710162844.12
010    @a7-04-000245-0@dCNY11.20
100    @a19910304d1988 m y0chiy0120 ea
101 0  @achi
102    @aCN@b110000
105    @ay j 000yy
200 10 @a微分几何@Awei fen ji he@f梅向明,黄敬之编@Fmei xiang ming , huang jing zhi bian
205    @a2版
210    @a北京@c高等教育出版社@d1988.2
215    @a357页@d20cm
300    @a高等学校教材
540 1  @a微分几何@Awei fen ji he
606    @a微分几何@x高等学校@x教材
690    @aO186.1@v1980
701  0 @a梅向明@Amei xiang ming@4编
701  0 @a黄敬之@Ahuang jing zhi@4编
801  0 @aCN@bNLC@c20070710
905    @dO186.1@e12=2
    
    微分几何/梅向明,黄敬之编.-2版.-北京:高等教育出版社,1988.2
    357页;20cm
    高等学校教材
    
    ISBN 7-04-000245-0:CNY11.20
    
●
相关链接 在E读中查询图书 在五车中查询图书 在当当中查询图书 在豆瓣中查询图书


正题名:微分几何     索取号:O186.1/12=2         预约/预借

序号 登录号 条形码 馆藏地/架位号 状态 备注
1 0489247   204892474   密集书库/ [索取号:O186.1/12=2] 在馆    
2 0489248   204892483   密集书库/ [索取号:O186.1/12=2] 在馆    
3 0489249   204892492   密集书库/ [索取号:O186.1/12=2] 在馆    
4 0687627   206876273   库房3/ [索取号:O186.1/12=2] 在馆    
5 0687628   206876282   库房3/ [索取号:O186.1/12=2] 在馆    
6 0687629   206876291   库房3/ [索取号:O186.1/12=2] 在馆    
7 0687630   206876308   库房3/ [索取号:O186.1/12=2] 在馆    
8 0687631   206876317   库房3/ [索取号:O186.1/12=2] 在馆    
9 0687632   206876326   库房3/ [索取号:O186.1/12=2] 在馆    
10 0687633   206876335   库房3/ [索取号:O186.1/12=2] 在馆    
11 0687634   206876344   库房3/ [索取号:O186.1/12=2] 在馆    
12 0687635   206876353   库房3/ [索取号:O186.1/12=2] 在馆    
13 0687636   206876362   库房3/ [索取号:O186.1/12=2] 在馆    
14 0687637   206876371   库房3/ [索取号:O186.1/12=2] 在馆    
15 0687638   206876380   库房3/ [索取号:O186.1/12=2] 在馆    
16 0687639   206876399   库房3/ [索取号:O186.1/12=2] 在馆    
17 0687640   206876406   库房3/ [索取号:O186.1/12=2] 在馆    
18 0687641   206876415   库房3/ [索取号:O186.1/12=2] 在馆    
19 0687642   206876424   库房3/ [索取号:O186.1/12=2] 在馆    
20 0687643   206876433   库房3/ [索取号:O186.1/12=2] 在馆    
21 0687644   206876442   库房3/ [索取号:O186.1/12=2] 在馆    
22 0687645   206876451   库房3/ [索取号:O186.1/12=2] 在馆    
23 0687646   206876460   库房3/ [索取号:O186.1/12=2] 在馆    
24 0687647   206876479   库房3/ [索取号:O186.1/12=2] 在馆    
25 0687648   206876488   库房3/ [索取号:O186.1/12=2] 在馆    
26 0687649   206876497   库房3/ [索取号:O186.1/12=2] 在馆    
27 0687650   206876503   库房3/ [索取号:O186.1/12=2] 在馆    
28 0687651   206876512   库房3/ [索取号:O186.1/12=2] 在馆    
29 0687652   206876521   库房3/ [索取号:O186.1/12=2] 在馆    
30 0765038   207650380   密集书库/ [索取号:O186.1/12=2] 在馆    
31 0765039   207650399   密集书库/ [索取号:O186.1/12=2] 在馆    
32 0765066   207650665   密集书库/ [索取号:O186.1/12=2] 在馆    
33 0766042   207660422   密集书库/ [索取号:O186.1/12=2] 在馆    
34 0767957   207679573   密集书库/ [索取号:O186.1/12=2] 在馆    
35 0767958   207679582   密集书库/ [索取号:O186.1/12=2] 在馆    
36 0767959   207679591   密集书库/ [索取号:O186.1/12=2] 在馆    
37 0767960   207679608   密集书库/ [索取号:O186.1/12=2] 在馆    
38 0768114   207681141   密集书库/ [索取号:O186.1/12=2] 在馆    
唐山师范学院图书馆 欢迎您!
大连网信软件有限公司© 版权所有